000 00305nam a22001337a 4500
008 171013b xxu||||| |||| 00| 0 eng d
020 _a9780073370224
041 _aeng
080 _210TH
_a316
100 _a51
101 _aSOC
245 _aMETHODS IN BEHAVIORAL RESEARCH
_cCOZBY,P.C
942 _2udc
_cBK
999 _c33823
_d33823